1990s Music Trivia #2 - Statistics

General Stats
  • This quiz has been taken 35,732 times
  • The average score is 10 of 20
Answer Stats
Question Answer % Correct
What was the name of Beyoncé's girl group? Destiny's Child
84%
Who were the best-selling boyband of the 1990s? Backstreet Boys
78%
What was Geri Halliwell also known as? {Ginger} Spice
75%
What song about Marilyn Monroe did Elton John re-dedicate to Princess Diana? Candle in the Wind
73%
What movie featured Whitney Houston's song "I Will Always Love You"? The Bodyguard
70%
What anniversary rock festival in 1999 was not all about peace, love, and understanding? Woodstock 1999
66%
Who would do anything for love (but not that)? Meat Loaf
64%
What word means "ten thousand spoons, when all you need is a knife"? (according to Alanis Morrissette) Ironic
62%
Who discovered Snoop Dogg? Dr. Dre
60%
Who liked big butts (and could not lie)? Sir Mix-a-Lot
48%
What band got knocked down, but got up again? Chumbawamba
47%
What band was Robbie Williams a member of? Take That
45%
What Madonna song name-dropped Garbo, Monroe, Dietrich and DiMaggio? Vogue
44%
What singer was miseducated? Lauryn Hill
40%
What Public Enemy rapper wore a gigantic clock as a necklace? Flavor Flav
39%
Who was the best-selling country artist of the decade? Garth Brooks
36%
What city did Boyz II Men come from? Philadelphia
29%
What briefly-popular genre of music was exemplefied by KoЯn and Limp Bizkit? {Nu} {metal}
28%
Who toured around the world - from London to the Bay? MC Hammer
23%
What musical duo consisted of lesbian singers Amy Ray and Emily Saliers? {Indigo} Girls
17%
No matching quizzes found
Score Distribution
Percent of People with Each Score
Percentile by Number Answered
Your Score History
You have not taken this quiz